|
|
|
|
| LEADER |
00000nbm0a2200000 4500 |
| 001 |
323834 |
| 005 |
20231102003616.0 |
| 035 |
|
|
|a (RuTPU)RU\TPU\book\349421
|
| 090 |
|
|
|a 323834
|
| 100 |
|
|
|a 20161028d1955 k y0rusy50 ca
|
| 101 |
0 |
|
|a rus
|
| 102 |
|
|
|a RU
|
| 105 |
|
|
|a a m 001zy
|
| 200 |
1 |
|
|a Исследование некоторых вопросов, связанных с ускорением электронов в синхротроне
|e диссертация на соискание ученой степени кандидата технических наук
|f Б. А. Солнцев
|g Томский политехнический институт (ТПИ) ; науч. рук. В. Н. Титов
|
| 210 |
|
|
|a Томск
|c [Б. и.]
|d 1955
|
| 215 |
|
|
|a 149 л.
|c ил.
|
| 320 |
|
|
|a Библиогр.: с. 146-147 (44 назв.)
|
| 606 |
1 |
|
|a Синхротроны электронные
|2 stltpush
|3 (RuTPU)RU\TPU\subj\54897
|9 72970
|
| 610 |
1 |
|
|a электромагниты
|
| 610 |
1 |
|
|a ускоряющие устройства
|
| 610 |
1 |
|
|a высокочастотные системы
|
| 610 |
1 |
|
|a генераторы
|
| 610 |
1 |
|
|a диссертации
|
| 610 |
1 |
|
|a труды учёных ТПУ
|
| 675 |
|
|
|a 621.384.634.4(04)
|v 4
|
| 700 |
|
1 |
|a Солнцев
|b Б. А.
|
| 702 |
|
1 |
|a Титов
|b В. Н.
|c российский физик
|c организатор и создатель физико-технического факультета Томского политехнического института
|f 1909-1965
|g Вадим Никонович
|2 stltpush
|3 (RuTPU)RU\TPU\pers\12444
|4 727
|
| 712 |
0 |
2 |
|a Томский политехнический институт (ТПИ)
|c (1944-1991)
|2 stltpush
|3 (RuTPU)RU\TPU\col\1123
|
| 801 |
|
1 |
|a RU
|b 63413507
|c 20161028
|
| 801 |
|
2 |
|a RU
|b 63413507
|c 20190522
|g RCR
|
| 942 |
|
|
|c BK
|